[Event "IECG CM.1996.0.00012"]
[Site "IECG email"]
[Date "1996.??.??"]
[Round "?"]
[White "Kardkovacs, Zsolt"]
[Black "Burkett, Max"]
[Result "0-1"]
[WhiteElo "2200"]
[BlackElo "2258"]
[PlyCount "56"]
[EventDate "1996.04.01"]
[EventType "tourn (corr)"]
[EventRounds "6"]
[SourceTitle "Corr 2008"]
[Source "ChessBase"]
[SourceDate "2008.06.24"]
[SourceVersion "1"]
[SourceVersionDate "2008.06.24"]
[SourceQuality "1"]

1. e4 e5 2. Nf3 Nc6 3. Bc4 Bc5 4. 0-0 Nf6 5. Nc3 d6 6. h3 Be6 7. Bxe6 fxe6 8. Re1 a6 9. d3 0-0 10. Bg5 h6 11. Be3 Bxe3 12. Rxe3 Qe7 13. Ne2 d5 14. Ng3 d4 15. Re2 Nd7 16. c3 a5 17. Rc2 a4 18. Rac1 a3 19. b3 Qd6 20. Qd2 Ra6 21. Ne2 Rf7 22. Ne1 Ra8 23. cxd4 exd4 24. f4 e5 25. f5 Ndb8 26. Ng3 Na6 27. Nf3 Ncb4 28. Rb2 axb2 0-1